000 005660000a22001810004500
003 MACL
005 20160529130945.0
008 160529b xxu||||| |||| 00| 0 eng d
040 _aMACL
_cMACL
041 _aHindi
082 _a891.433 MEN
100 _aमेहता, नरेश
_960801
245 _aलोकभारती प्रकाशन
_cनरेश मेहता
260 _bलोकभारती प्रकाशन
_c1994
_aइलाहाबाद
350 _a175
650 _aNovel
_960808
942 _cHIN
_k891.433/MEH/N
_2ddc
999 _c20267
_d20267